| 000 | 00360nam a2200145Ia 4500 | ||
|---|---|---|---|
| 008 | 150201s2006 xx 000 0 und d | ||
| 082 |
_a612.015 _bM06S |
||
| 100 | _aSOOD, RAMANIK | ||
| 245 | _aTB. OF MEDICAL LEBORATRY TECHNOLOGY | ||
| 250 | _a1ST | ||
| 260 |
_bJAYPEE BROTHERS _aDELHI _c2006 |
||
| 300 | _a1-1281 | ||
| 650 | _aBIOCHEMISTRY | ||
| 942 |
_2ddc _cBK _03 |
||
| 999 |
_c130 _d130 |
||